Manual del Timbre del Estado (Record no. 158646)

MARC details
000 -LEADER
campo de control de longitud fija 00696nam a2200169 i 4500
001 - NÚMERO DE CONTROL
campo de control 158646
003 - IDENTIFICADOR DE NÚMERO DE CONTROL
campo de control ES-MaACL
005 - FECHA Y HORA DE LA ÚLTIMA TRANSACCIÓN
campo de control 20230906211244.0
008 - DATOS DE LONGITUD FIJA--INFORMACIÓN GENERAL
campo de control de longitud fija 001020s1882 sp |||| | spa d
040 ## - FUENTE DE CATALOGACIÓN
Centro catalogador/agencia de origen EXT
Lengua de catalogación spa
Centro/agencia transcriptor EXT
245 00 - MENCIÓN DEL TÍTULO
Título Manual del Timbre del Estado
Resto del título : compuesto de la Ley de 31 de Diciembre de 1881, el Reglamento de la misma fecha y un diccionario para facilitar su aplicación /
Mención de responsabilidad, etc. publicado por la Gaceta de los Colegios Notariales.
260 ## - PUBLICACIÓN, DISTRIBUCIÓN, ETC.
Lugar de publicación, distribución, etc. Madrid :
Nombre del editor, distribuidor, etc. Establecimiento tipográfico de Ramon Angulo,
Fecha de publicación, distribución, etc. 1882.
300 ## - DESCRIPCIÓN FÍSICA
Extensión 204 p. ;
Dimensiones 20 cm.
650 ## - PUNTO DE ACCESO ADICIONAL DE MATERIA--TÉRMINO DE MATERIA
Término de materia o nombre geográfico como elemento de entrada Timbre (Impuesto)-
Subdivisión geográfica España.
9 (RLIN) 161971
852 ## - LOCALIZACIÓN
Ubicación ES-MaACL
Número de control de estantería G-12305
Nota libre -- Enc. tela
852 ## - LOCALIZACIÓN
Ubicación ES-MaACL
Número de control de estantería T-878-F-8
Holdings
Estatus retirado Estado de pérdida Estado de daño No para préstamo Colección Biblioteca de origen Biblioteca actual Ubicación en estantería Fecha de adquisición Fuente de adquisición Total de préstamos Signatura topográfica completa Código de barras Visto por última vez Precio de reemplazo Tipo de ítem Koha
        Colección de folletos Biblioteca del Ateneo de Madrid Biblioteca del Ateneo de Madrid Depósito folletos 21/05/2005     T-878-F-8 1202014 23/02/2023 23/02/2023 Folleto
        Colección de referencia Biblioteca del Ateneo de Madrid Biblioteca del Ateneo de Madrid Sala Pecera Planta 3 17/01/2008     G-12305 1166053 23/02/2023 23/02/2023 Libro impreso antiguo